| 000 | 00793nam a22002177a 4500 | ||
|---|---|---|---|
| 005 | 20100803165243.0 | ||
| 010 | _aENG-97957 | ||
| 020 |
_a9788173716621 _c375.00 |
||
| 035 | _aEN-81490 | ||
| 037 | _bDBAD/PUB | ||
| 082 | _a510 | ||
| 100 |
_aDeo, Sadashiv G _95633 |
||
| 245 |
_aPopular lectures in undergraduate mathematics / _cby Sadashiv G deo...et.al. |
||
| 260 |
_aHyderabad _bUniversities Press _c2009 |
||
| 270 |
_a3-6-747/1/A & 3-6-754/1, Himayatnagar _bHyderabad _e500029 |
||
| 300 |
_axvii, 265p.: _bill. _c24cm (pbk) |
||
| 500 | _aincludes bibliographical references and index | ||
| 650 |
_aMathematics _95634 |
||
| 942 |
_2ddc _cEN _h510 _mDEO |
||
| 999 |
_c39080 _d39080 |
||